| 000 | 00700nam a2200205Ia 4500 | ||
|---|---|---|---|
| 003 | GCL | ||
| 008 | 140319s9999 xx 000 0 ara d | ||
| 040 |
_aGCL / _cGCL |
||
| 082 | 0 | 4 |
_a745.6191 _bك ج |
| 100 | 1 | _aكامل سلمان الجبورى | |
| 245 | 1 | 0 |
_aجمهرة الخطوط العربية / _cكامل سلمان الجبورى |
| 250 | _aالاولى | ||
| 260 |
_aبيروت : _bدار ومكتبة الهلال للطباعة والنشر ، _c2000 |
||
| 300 |
_a599 ص ؛ _c32 سم |
||
| 650 | 0 | 4 | _aالخط العربى |
| 650 | 0 | 4 | _aالخط - زخرفة |
| 650 | 0 | 4 | _aالخط العربى - تاريخ |
| 650 | 0 | 4 | _aالكتابة العربية، علم |
| 942 |
_2ddc _cBK |
||
| 999 |
_c7983 _d7983 |
||